[Event "London Classic Open 2017"]
[Site "London ENG"]
[Date "2017.12.05"]
[Round "5.81"]
[White "Abrahams, Daniel"]
[Black "Gu, In Jung"]
[Result "1-0"]
[WhiteElo "2130"]
[BlackElo "1664"]
[WhiteFideId "2606879"]
[BlackFideId "13200232"]
[EventDate "2017.12.02"]

1. Nf3 Nf6 2. c4 g6 3. Nc3 d5 4. cxd5 Nxd5 5. g3 Bg7 6. Bg2 Nb6 7. d3 O-O 8. O-O
Nc6 9. a3 Nd4 10. Nxd4 Bxd4 11. Bh6 Bg7 12. Bxg7 Kxg7 13. Rc1 e5 14. b4 c6 15.
Qb3 Be6 16. Qb2 f6 17. Ne4 Bd5 18. Nc5 Qe7 19. e4 Be6 20. f4 exf4 21. Rxf4 Rad8
22. Rcf1 Bc8 23. d4 Nd7 24. Nd3 b6 25. Nf2 c5 26. dxc5 bxc5 27. Ng4 cxb4 28.
axb4 Ba6 29. Ra1 Qd6 30. Qf2 h5 31. Ne3 Qb6 32. Nd5 Qxf2+ 33. Rxf2 Nb8 34. Nc7
Bc4 35. Rxa7 Rf7 36. Rc2 Nc6 37. Ra1 Rxc7 38. Rxc4 Rdc8 39. Rac1 1-0

[Event "London Classic Open 2017"]
[Site "London ENG"]
[Date "2017.12.05"]
[Round "5.83"]
[White "Rysbayeva, Aigerim"]
[Black "Sellmair, Reinhard"]
[Result "1/2-1/2"]
[WhiteTitle "WFM"]
[WhiteElo "2118"]
[BlackElo "1936"]
[WhiteFideId "13704567"]
[BlackFideId "12946990"]
[EventDate "2017.12.02"]

1. e4 e6 2. d4 d5 3. Nd2 Nf6 4. e5 Nfd7 5. Bd3 c5 6. c3 Nc6 7. Ne2 cxd4 8. cxd4
f6 9. exf6 Nxf6 10. Nf3 Bd6 11. O-O Qc7 12. Bg5 O-O 13. Bh4 Nh5 14. Qc2 h6 15.
Bh7+ Kh8 16. Bg6 Rxf3 17. Bxh5 Bxh2+ 18. Kh1 Rf5 19. Bg6 Bd6 20. Bxf5 exf5 21.
f4 Qf7 22. Rf3 Bd7 23. Bf2 Re8 24. Nc3 Ne7 25. Re1 g5 26. Bg3 Rg8 27. fxg5 f4
28. Bxf4 Bxf4 29. Rxf4 Qxf4 30. Rxe7 Bf5 31. Qe2 Qh4+ 32. Kg1 Qxd4+ 33. Qf2
Qxf2+ 34. Kxf2 Rxg5 35. Nxd5 Bd3 36. Nf4 Ba6 37. Ke3 Rg7 38. Rxg7 Kxg7 39. Ne6+
Kf6 40. Nc5 Bf1 41. Kf2 Bc4 1/2-1/2

[Event "London Classic Open 2017"]
[Site "London ENG"]
[Date "2017.12.05"]
[Round "5.84"]
[White "Vachtfeidl, Petr"]
[Black "De Abreu, Roberto N"]
[Result "0-1"]
[BlackTitle "FM"]
[WhiteElo "1934"]
[BlackElo "2110"]
[WhiteFideId "315028"]
[BlackFideId "14307472"]
[EventDate "2017.12.02"]

1. d4 Nf6 2. c4 c5 3. d5 b5 4. cxb5 a6 5. f3 e6 6. e4 c4 7. Bxc4 axb5 8. Bb3 Bc5
9. Nh3 Qb6 10. Nc3 O-O 11. Bg5 exd5 12. Nxd5 Nxd5 13. Bxd5 Ra4 14. a3 Nc6 15.
Bh4 Rd4 16. Qb3 Qa5+ 17. Kf1 b4 18. Bf2 Ba6+ 19. Kg1 Rd2 20. Rf1 Nd4 21. Bxd4
Bxd4+ 22. Rf2 Qc5 0-1

[Event "London Classic Open 2017"]
[Site "London ENG"]
[Date "2017.12.05"]
[Round "5.85"]
[White "Manole, Stefan"]
[Black "Iraqui, Youssef"]
[Result "1-0"]
[WhiteElo "2081"]
[BlackElo "1932"]
[WhiteFideId "1203274"]
[BlackFideId "9000666"]
[EventDate "2017.12.02"]

1. e4 Nc6 2. Nc3 e5 3. Bc4 Nf6 4. d3 Na5 5. Bg5 c6 6. Nf3 d6 7. O-O Be7 8. a3
Nxc4 9. dxc4 Qc7 10. h3 Be6 11. Qe2 O-O 12. Rfd1 Rad8 13. Rd2 Rd7 14. Rad1 h6
15. Bh4 Re8 16. b3 a6 17. Qe3 b5 18. c5 dxc5 19. Bxf6 Rxd2 20. Rxd2 Bxf6 21.
Qxc5 Be7 22. Qxe5 Qa5 23. Nb1 c5 24. Qh5 Qb6 25. Nc3 Qa5 26. Nd5 Bd8 27. Nf4 Bg5
28. Nxg5 hxg5 29. b4 cxb4 30. Nxe6 Rxe6 31. axb4 Qa1+ 32. Rd1 Qe5 33. f3 g6 34.
Rd8+ Re8 35. Rxe8+ Qxe8 36. Qxg5 Qc8 37. Qd2 Qc6 38. c3 Qc4 39. Qd8+ Kh7 40. Qf6
Qa2 41. Kh2 a5 42. bxa5 Qxa5 43. Qxf7+ Kh6 44. Qf4+ Kh7 45. Qe5 Qb6 46. f4 Qe3
47. f5 gxf5 48. Qxf5+ Kg8 49. Qf3 Qc5 50. Qd3 Qe5+ 51. Qg3+ 1-0

[Event "London Classic Open 2017"]
[Site "London ENG"]
[Date "2017.12.05"]
[Round "5.86"]
[White "Coleman, David J"]
[Black "Shepherd, Katherine M"]
[Result "1-0"]
[WhiteTitle "CM"]
[WhiteElo "2076"]
[BlackElo "1929"]
[WhiteFideId "402087"]
[BlackFideId "412031"]
[EventDate "2017.12.02"]

1. e4 e6 2. d4 d5 3. Nc3 Nf6 4. Bg5 dxe4 5. Nxe4 Be7 6. Bxf6 gxf6 7. Nf3 f5 8.
Nc3 Nd7 9. Qd2 Nf6 10. Ne5 Bb4 11. Qd3 O-O 12. O-O-O Kh8 13. h3 c5 14. a3 Qxd4
15. Qg3 Nh5 16. Qh2 Qxf2 17. axb4 Ng3 18. Nd3 Qe3+ 19. Kb1 Nxh1 20. Qxh1 cxb4
21. Nxb4 a5 22. Nd3 a4 23. Qh2 Bd7 24. Qd6 Bc6 25. Ne5 Qb6 26. Nc4 Qf2 27. Qe5+
Kg8 28. Qf6 Bxg2 29. Qg5+ Kh8 30. Qf6+ Kg8 31. Qg5+ Kh8 32. Bxg2 f6 33. Qd2 Qc5
34. Qd4 Qc7 35. Nb5 Qg3 36. Bxb7 Rab8 37. Ncd6 e5 38. Qd3 f4 39. Qf5 Rxb7 40.
Nxb7 Qf3 41. Rd7 Rf7 42. Rxf7 Qd1+ 43. Ka2 Qd5+ 44. Ka3 Qxf7 45. N7d6 Qg6 46.
Qc8+ Kg7 47. Nf5+ 1-0

[Event "London Classic Open 2017"]
[Site "London ENG"]
[Date "2017.12.05"]
[Round "5.87"]
[White "McKerracher, Douglas"]
[Black "Fink-Nunn, Petra"]
[Result "0-1"]
[BlackTitle "WFM"]
[WhiteElo "1915"]
[BlackElo "2071"]
[WhiteFideId "2401002"]
[BlackFideId "405809"]
[EventDate "2017.12.02"]

1. e4 c5 2. Nc3 Nc6 3. g3 g6 4. Bg2 Bg7 5. d3 d6 6. f4 e6 7. Nf3 Nge7 8. O-O O-O
9. Be3 Nd4 10. e5 Bd7 11. Ne4 Nef5 12. Bf2 Nxf3+ 13. Bxf3 dxe5 14. fxe5 Bxe5 15.
Bxc5 Bxb2 16. Rb1 Bd4+ 17. Bxd4 Nxd4 18. Rxb7 Bc6 19. Nf6+ Qxf6 20. Bxc6 Qe5 21.
Bg2 Rab8 22. Qd2 Rxb7 23. Bxb7 Rb8 24. Qg2 Qc5 25. Kh1 Qxc2 26. Qe4 Qe2 27. Qxe2
Nxe2 28. Ba6 Rb2 29. Bc4 Nc3 0-1

[Event "London Classic Open 2017"]
[Site "London ENG"]
[Date "2017.12.05"]
[Round "5.88"]
[White "Obiamiwe, Paul"]
[Black "Jyothilal, N."]
[Result "0-1"]
[WhiteElo "1910"]
[BlackElo "2063"]
[WhiteFideId "8500215"]
[BlackFideId "5002605"]
[EventDate "2017.12.02"]

1. Nf3 Nf6 2. c4 g6 3. Nc3 d5 4. Qa4+ c6 5. cxd5 Nxd5 6. Nxd5 Qxd5 7. e4 Qd6 8.
d4 Bg7 9. e5 Qc7 10. Be2 Be6 11. O-O Bd5 12. Bf4 O-O 13. Bg3 Qb6 14. Qa3 Re8 15.
Qc3 Na6 16. Nd2 Rad8 17. Rfd1 Nc7 18. a4 a5 19. Nc4 Bxc4 20. Bxc4 Nd5 21. Qc1
Rd7 22. Ra3 e6 23. Rb3 Nb4 24. Qf4 Qc7 25. Re3 c5 26. d5 Nxd5 27. Bxd5 Rxd5 28.
Rxd5 exd5 29. Qf3 Qd7 30. Rb3 Bxe5 31. h3 Bxg3 32. fxg3 Re6 33. Qf4 Re7 34. Rb5
d4 35. Rxa5 d3 36. Ra8+ Re8 37. Rxe8+ Qxe8 38. Qd2 c4 39. a5 Qe5 40. g4 h6 41.
Kf2 Kg7 42. Kf1 g5 43. g3 Qxg3 44. Qc3+ Kg6 45. Qxc4 Qxh3+ 46. Kg1 Qe3+ 47. Kf1
d2 48. Qe2 Qd4 49. Qd1 Qxb2 50. Ke2 Qe5+ 51. Kxd2 Qd4+ 52. Kc2 Qxd1+ 53. Kxd1 0-1

[Event "London Classic Open 2017"]
[Site "London ENG"]
[Date "2017.12.05"]
[Round "5.89"]
[White "Foster, Timothy"]
[Black "Johansson, Toni"]
[Result "1/2-1/2"]
[WhiteElo "1893"]
[BlackElo "2049"]
[WhiteFideId "423769"]
[BlackFideId "1703269"]
[EventDate "2017.12.02"]

1. e4 c5 2. Nf3 d6 3. d4 cxd4 4. Nxd4 Nf6 5. Nc3 g6 6. f3 Bg7 7. Be3 O-O 8. Bc4
Nc6 9. Qd2 Bd7 10. O-O-O Rc8 11. Bb3 Nxd4 12. Bxd4 b5 13. h4 b4 14. Nd5 Nxd5 15.
Bxg7 Kxg7 16. exd5 f6 17. h5 g5 18. h6+ Kh8 19. Qxb4 a5 20. Qe4 Be8 21. Rhe1 Rc7
22. Ba4 Bg6 23. Qd4 Qc8 24. Bc6 e5 25. Qe3 Qa6 26. g3 Qc4 27. Qb3 Qc5 28. Rd2
Rd8 29. Qc3 Qxc3 30. bxc3 Be8 31. Bxe8 Rxe8 32. Rd3 Rec8 33. Kd2 Kg8 34. Rb1 Kf7
35. Rb6 Ke7 36. Rb5 Rc5 37. Rb7+ R8c7 38. Rb8 Rc8 39. Rb7+ R5c7 40. Rb5 Rc5 41.
Rb7+ R8c7 42. Rb8 1/2-1/2

[Event "London Classic Open 2017"]
[Site "London ENG"]
[Date "2017.12.05"]
[Round "5.90"]
[White "Newton, Andrew"]
[Black "Hagesather, Arne"]
[Result "1/2-1/2"]
[WhiteElo "1886"]
[BlackElo "2046"]
[WhiteFideId "2403285"]
[BlackFideId "1502476"]
[EventDate "2017.12.02"]

1. e4 c6 2. d4 d5 3. Nc3 dxe4 4. Nxe4 Bf5 5. Ng3 Bg6 6. h4 h6 7. Nf3 Nd7 8. h5
Bh7 9. Bd3 Bxd3 10. Qxd3 e6 11. Bd2 Ngf6 12. O-O-O Be7 13. Ne4 Qc7 14. g3 O-O
15. Kb1 c5 16. Nxf6+ Nxf6 17. Bf4 Qa5 18. Bd2 Qb6 19. Be3 Rad8 20. Ne5 Nd5 21.
g4 Nxe3 22. fxe3 Bf6 23. Qe4 Qd6 24. Nf3 b5 25. Rdg1 Bg5 26. Nxg5 hxg5 27. Rd1
a5 28. Qf3 cxd4 29. Rxd4 Qe5 30. c3 Rb8 31. Rhd1 b4 32. cxb4 Rxb4 33. Rxb4 axb4
34. Rd4 Rc8 35. Rxb4 Qc5 36. a3 Qc2+ 37. Ka2 Rc7 38. Qe4 Rc8 39. Qxc2 Rxc2 40.
a4 Rc5 41. e4 Kf8 42. Kb3 Ke7 43. Rc4 Ra5 44. Kb4 Ra8 45. Rc5 Rb8+ 46. Rb5 Rxb5+
47. Kxb5 f5 48. exf5 exf5 49. Kc4 f4 50. Kd4 Kd6 51. Ke4 Kc5 52. a5 Kb5 53. b4
Ka6 1/2-1/2

[Event "London Classic Open 2017"]
[Site "London ENG"]
[Date "2017.12.05"]
[Round "5.91"]
[White "Sajjadi, Kimiya"]
[Black "Iyengar, Ilya"]
[Result "1/2-1/2"]
[WhiteElo "1876"]
[BlackElo "2044"]
[WhiteFideId "1516434"]
[BlackFideId "405949"]
[EventDate "2017.12.02"]

1. d4 Nf6 2. c4 g6 3. Nc3 Bg7 4. e4 d6 5. Be2 O-O 6. f4 c5 7. Nf3 cxd4 8. Nxd4
Nc6 9. Be3 Nxd4 10. Bxd4 Be6 11. O-O Rc8 12. b3 Qa5 13. Rc1 a6 14. f5 Bd7 15. g4
Bc6 16. Qd3 Nd7 17. Bxg7 Kxg7 18. Qg3 Qe5 19. Qxe5+ Nxe5 20. Kf2 b6 21. Ke3 f6
22. h3 1/2-1/2

[Event "London Classic Open 2017"]
[Site "London ENG"]
[Date "2017.12.05"]
[Round "5.92"]
[White "Campos Chacon, Marco"]
[Black "Mulay, Partha"]
[Result "0-1"]
[WhiteElo "2040"]
[BlackElo "1892"]
[WhiteFideId "32029217"]
[BlackFideId "436038"]
[EventDate "2017.12.02"]

1. e4 e6 2. d4 d5 3. e5 c5 4. c3 Nc6 5. Nf3 Bd7 6. Bd3 cxd4 7. cxd4 Qb6 8. O-O
Nxd4 9. Nbd2 Nxf3+ 10. Nxf3 Ne7 11. Be3 Qd8 12. Bc5 Ng6 13. Bxf8 Nxf8 14. h4 Bc6
15. b4 d4 16. b5 Bxf3 17. Qxf3 Nd7 18. Qxb7 Nxe5 19. Be4 Rb8 20. Qxa7 O-O 21.
Rfd1 Qxh4 22. Qxd4 Ng4 23. g3 Qh2+ 24. Kf1 f5 25. Bf3 e5 26. Qd5+ Rf7 27. Qd8+
Rf8 28. Qd5+ Kh8 29. Bxg4 fxg4 30. Qg2 Qxg2+ 31. Kxg2 Rxb5 32. Rd2 h6 33. Re1
Kh7 34. Re4 h5 35. a4 Rc5 36. Rde2 Re8 37. Rb4 Kg6 38. Rb5 Rxb5 39. axb5 Kf5 40.
Rb2 Rb8 41. b6 Rb7 42. Kf1 Ke6 43. Ke2 Kd6 44. Kd3 Kc6 45. Ke4 Rxb6 46. Rd2 Rb5
47. Kf5 Rd5 48. Ra2 Kc5 49. Kg5 e4+ 50. Kf4 Kd4 51. Rd2+ Kc4 52. Re2 Kd3 53.
Re3+ Kc4 54. Rxe4+ Rd4 55. Rxd4+ Kxd4 56. Kg5 Ke4 57. Kxh5 Kf5 58. Kh4 g6 59. f4
gxf3 60. Kh3 Ke4 0-1

[Event "London Classic Open 2017"]
[Site "London ENG"]
[Date "2017.12.05"]
[Round "5.93"]
[White "Kim, Changhoon"]
[Black "Prior, Stephen C V"]
[Result "0-1"]
[WhiteTitle "CM"]
[WhiteElo "1859"]
[BlackElo "2037"]
[WhiteFideId "34117234"]
[BlackFideId "423378"]
[EventDate "2017.12.02"]

1. d4 Nf6 2. c4 Nc6 3. Nf3 e6 4. g3 Bb4+ 5. Bd2 Bxd2+ 6. Nbxd2 d6 7. Bg2 O-O 8.
O-O Qe7 9. e4 e5 10. d5 Nb8 11. b4 a5 12. a3 Na6 13. Qb1 axb4 14. axb4 Bg4 15.
Rc1 Qd7 16. Ra5 c5 17. b5 Nb4 18. Qa1 Rxa5 19. Qxa5 Bh3 20. Qb6 Bxg2 21. Kxg2
Ra8 22. h3 h6 23. Nh4 g6 24. Nhf3 Kg7 25. Rd1 Ra2 26. Nxe5 dxe5 27. Qxc5 Nc2 28.
b6 Nd4 29. Qc7 Qa4 30. Rf1 Rxd2 31. Qxe5 Qb3 32. Qf4 Qd3 33. Re1 Nc2 0-1

[Event "London Classic Open 2017"]
[Site "London ENG"]
[Date "2017.12.05"]
[Round "5.95"]
[White "Clancy, Martin J"]
[Black "Ditmas, Hugh"]
[Result "1-0"]
[WhiteElo "1855"]
[BlackElo "2004"]
[WhiteFideId "2403404"]
[BlackFideId "1270666"]
[EventDate "2017.12.02"]

1. e4 c5 2. Nf3 Nc6 3. d4 cxd4 4. Nxd4 Nf6 5. Nc3 e5 6. Ndb5 d6 7. Bg5 a6 8.
Bxf6 gxf6 9. Na3 b5 10. Nd5 f5 11. c3 Bg7 12. exf5 Bxf5 13. Nc2 O-O 14. Nce3 Be6
15. a4 bxa4 16. Qxa4 Ne7 17. Bc4 a5 18. O-O Nxd5 19. Nxd5 Kh8 20. Rfd1 e4 21.
Qc2 f5 22. b4 Be5 23. Ne3 Qf6 24. Bxe6 Qxe6 25. Nd5 Rf7 26. Rxa5 Rxa5 27. bxa5
h5 28. Qe2 Qg6 29. Rb1 h4 30. a6 Rg7 31. Rb8+ Kh7 32. Qf1 f4 33. Rb7 f3 34.
Rxg7+ Qxg7 35. g3 Qf7 36. Qb5 Qf5 37. Qb7+ Kh6 38. Ne3 Qh3 39. Qf7 hxg3 40. hxg3
Qc8 41. Nf5+ Kg5 42. Qg6+ Kxg6 43. Ne7+ Kg5 44. Nxc8 e3 45. fxe3 1-0

[Event "London Classic Open 2017"]
[Site "London ENG"]
[Date "2017.12.05"]
[Round "5.96"]
[White "Kobas, Mihael"]
[Black "Nyenhuis, Yannek"]
[Result "1-0"]
[WhiteElo "2001"]
[BlackElo "1847"]
[WhiteFideId "14537133"]
[BlackFideId "16231538"]
[EventDate "2017.12.02"]

1. d4 Nf6 2. c4 c5 3. d5 b5 4. Qc2 bxc4 5. e4 d6 6. Bxc4 g6 7. Nf3 Bg7 8. O-O
O-O 9. h3 Ba6 10. Na3 Bxc4 11. Nxc4 Nbd7 12. Bd2 a5 13. a4 Qc7 14. Bc3 e6 15.
dxe6 fxe6 16. e5 Nxe5 17. Nfxe5 dxe5 18. Bxe5 Qc6 19. Rad1 Nd5 20. Bxg7 Kxg7 21.
Qe4 Kg8 22. Ne3 Rf4 23. Nxd5 Rxe4 24. Ne7+ Kf7 25. Nxc6 Rxa4 26. Ra1 1-0

[Event "London Classic Open 2017"]
[Site "London ENG"]
[Date "2017.12.05"]
[Round "5.97"]
[White "Fernandez Aransay, Fernando"]
[Black "Munshi, Aditya"]
[Result "1/2-1/2"]
[WhiteElo "1838"]
[BlackElo "2001"]
[WhiteFideId "2216280"]
[BlackFideId "436720"]
[EventDate "2017.12.02"]

1. e4 c5 2. Nf3 d6 3. d4 cxd4 4. Nxd4 Nf6 5. Nc3 a6 6. Bc4 e6 7. Bb3 b5 8. f3
Be7 9. Be3 Qc7 10. Qd2 O-O 11. O-O-O Nbd7 12. g4 Nc5 13. h4 Nfd7 14. g5 b4 15.
Na4 Nxa4 16. Bxa4 Nc5 17. Bb3 a5 18. Nb5 Nxb3+ 19. axb3 Qb8 20. Nxd6 a4 21. Nc4
axb3 22. cxb3 Ra6 23. Bf4 Qa8 24. Bd6 Bxd6 25. Nxd6 Qb8 26. e5 Bb7 27. Qf4 Qc7+
28. Kd2 Bd5 29. Rc1 Qa7 30. Qe3 Qa8 31. Rhf1 Ra5 32. Ke2 Qa6+ 33. Kf2 Ra2 34.
Rc2 Ra1 35. Rxa1 Qxa1 36. Qe1 Qa7+ 37. Qe3 Qa2 38. Qf4 Qxb3 39. Rc7 Qxb2+ 40.
Kg3 Qb1 41. Rxf7 Qg1+ 42. Kh3 Qh1+ 43. Kg3 Qg1+ 1/2-1/2

[Event "London Classic Open 2017"]
[Site "London ENG"]
[Date "2017.12.05"]
[Round "5.98"]
[White "Busse, Tom Niklas"]
[Black "Siddharth, Sabharishankar"]
[Result "1-0"]
[WhiteElo "1996"]
[BlackElo "1837"]
[WhiteFideId "12981605"]
[BlackFideId "25068563"]
[EventDate "2017.12.02"]

1. e4 e5 2. Nf3 Nc6 3. Bc4 Bc5 4. c3 Nf6 5. d3 d6 6. O-O a6 7. Bb3 Ba7 8. h3 h6
9. Re1 O-O 10. Nbd2 Be6 11. Nf1 Re8 12. Ng3 d5 13. exd5 Bxd5 14. Bc2 Qd6 15. Nf5
Qd7 16. N3h4 b5 17. Bxh6 gxh6 18. Qd2 Ne7 19. Nxh6+ Kf8 20. Qg5 Nh7 21. Qxe5 f6
22. Qh5 Kg7 23. d4 Ng5 24. f4 Bf7 25. Nxf7 Nxf7 26. Rxe7 Rxe7 27. Qh7+ Kf8 28.
Ng6+ Ke8 29. Qg8# 1-0

[Event "London Classic Open 2017"]
[Site "London ENG"]
[Date "2017.12.05"]
[Round "5.99"]
[White "Crismann, Alessandro Claudio"]
[Black "Misyura, Ilya"]
[Result "0-1"]
[WhiteTitle "FM"]
[WhiteElo "1821"]
[BlackElo "1983"]
[WhiteFideId "14302870"]
[BlackFideId "434183"]
[EventDate "2017.12.02"]

1. e4 e6 2. d4 d5 3. Nc3 Bb4 4. e5 c5 5. a3 Ba5 6. f4 cxd4 7. Qxd4 Nc6 8. Bb5
Bb6 9. Qd3 a6 10. Ba4 Bd7 11. Nf3 Nge7 12. Bd2 Ba7 13. Bb3 b5 14. Ne2 Qb6 15.
O-O-O a5 16. g4 a4 17. Ba2 b4 18. f5 exf5 19. Nf4 fxg4 20. Ng5 Bf5 21. Qg3 Nd4
22. Bxb4 Nxc2 23. Nxd5 Nxd5 24. Bxd5 Nxb4 25. Bxa8 Qc5+ 26. Kd2 Qc2+ 27. Ke1
Nd3+ 28. Rxd3 Bxd3 29. Bc6+ Ke7 0-1

[Event "London Classic Open 2017"]
[Site "London ENG"]
[Date "2017.12.05"]
[Round "5.100"]
[White "Burke, John S"]
[Black "Ensmenger, Hugo"]
[Result "1/2-1/2"]
[WhiteElo "1978"]
[BlackElo "1829"]
[WhiteFideId "404322"]
[BlackFideId "1317407"]
[EventDate "2017.12.02"]

1. d4 f5 2. Bf4 e6 3. e3 Nf6 4. Bd3 Nc6 5. h3 d6 6. Nf3 Be7 7. Nc3 Nb4 8. Be2
Nbd5 9. Nxd5 Nxd5 10. Bh2 O-O 11. Bd3 Nb4 12. Be2 Nd5 13. Bd3 Nb4 14. Bc4 c5 15.
c3 Nc6 16. Bd3 Bf6 17. dxc5 dxc5 18. Qc2 g6 19. O-O-O Qe7 20. e4 Qg7 21. Rhe1 a6
22. exf5 exf5 23. Bd6 Rd8 24. Bc4+ Kh8 25. Bxc5 Bd7 26. Bb6 Re8 27. Rxe8+ Rxe8
28. Qd2 Bc8 29. Re1 Rxe1+ 30. Qxe1 Bd7 31. Qd2 h6 32. Kc2 Kh7 33. Qd5 Kh8 34.
Qf7 Ne7 35. Qxg7+ Kxg7 36. Bd4 Bc6 37. Bxf6+ Kxf6 38. Ne1 Nc8 39. f3 Nd6 40. Bg8
f4 41. c4 Nf5 42. Kd3 Ne3 43. Kd4 b6 44. b4 Nf5+ 45. Kc3 Ne7 46. Bd5 Nxd5+ 47.
cxd5 Bxd5 48. a3 Bc6 49. h4 Bb5 50. Kd4 Kf5 51. Kd5 g5 52. hxg5 hxg5 53. Nc2 Bf1
54. Ne1 Bb5 55. Kd6 Kf6 56. Kd5 Kf5 1/2-1/2

[Event "London Classic Open 2017"]
[Site "London ENG"]
[Date "2017.12.05"]
[Round "5.101"]
[White "Lee, Kyungseok"]
[Black "Selkirk, Rebecca"]
[Result "1-0"]
[WhiteElo "1975"]
[BlackElo "1747"]
[WhiteFideId "13202154"]
[BlackFideId "14306514"]
[EventDate "2017.12.02"]

1. d4 d5 2. Bf4 Nf6 3. e3 e6 4. Nd2 Nbd7 5. Bd3 Be7 6. c3 O-O 7. Qb1 c5 8. Ngf3
b6 9. O-O Bb7 10. a4 Nb8 11. Ne5 Bd6 12. b4 cxb4 13. cxb4 Qe7 14. b5 h6 15. h3
Nfd7 16. Ndf3 Nxe5 17. Bxe5 f6 18. Bh7+ Kh8 19. Nh4 Qd8 20. Ng6+ Kxh7 21. Nxf8+
Kg8 22. Nxe6 Qe7 23. Bxd6 Qxd6 24. Nf4 a6 25. Qf5 Kf7 26. Rfc1 Nd7 27. Rc7 1-0

[Event "London Classic Open 2017"]
[Site "London ENG"]
[Date "2017.12.05"]
[Round "5.102"]
[White "Rice, Chris B"]
[Black "Espinosa Cancino, Monica"]
[Result "1/2-1/2"]
[WhiteElo "1969"]
[BlackElo "1721"]
[WhiteFideId "404446"]
[BlackFideId "22253025"]
[EventDate "2017.12.02"]

1. c4 Nf6 2. g3 e6 3. Bg2 d5 4. Nf3 Be7 5. O-O O-O 6. Qc2 c6 7. d3 Nbd7 8. Nc3
b6 9. Rd1 Bb7 10. e4 dxe4 11. dxe4 Qc7 12. b3 Rfd8 13. Bb2 Nf8 14. h3 e5 15.
Rxd8 Rxd8 16. Nd1 N6d7 17. Ne3 Ne6 18. Rd1 f6 19. h4 Ndc5 20. Bh3 Bc8 21. Bg2 a5
22. Bc3 Na6 23. Nf5 Bf8 24. Rd2 Nec5 25. a3 Rxd2 26. Nxd2 Qd7 27. Bf1 Ne6 1/2-1/2

[Event "London Classic Open 2017"]
[Site "London ENG"]
[Date "2017.12.05"]
[Round "5.103"]
[White "Hughes, Anthony"]
[Black "Edwards, Simon R"]
[Result "1/2-1/2"]
[WhiteTitle "CM"]
[WhiteElo "1810"]
[BlackElo "1966"]
[WhiteFideId "1803093"]
[BlackFideId "406821"]
[EventDate "2017.12.02"]

1. d4 Nf6 2. c4 e6 3. Nc3 Bb4 4. e3 O-O 5. a3 Bxc3+ 6. bxc3 c5 7. Bd3 d5 8. cxd5
Qxd5 9. Nf3 cxd4 10. cxd4 b6 11. O-O Bb7 12. Qe2 Nbd7 13. Bb2 Ne4 14. Ba6 Rac8
15. Rfc1 Ndf6 16. Bxb7 Qxb7 17. Ne5 Rxc1+ 18. Rxc1 Rc8 1/2-1/2

[Event "London Classic Open 2017"]
[Site "London ENG"]
[Date "2017.12.05"]
[Round "5.104"]
[White "Midhun, P U"]
[Black "Mohnblatt, Daniel"]
[Result "1-0"]
[WhiteElo "1956"]
[BlackElo "1734"]
[WhiteFideId "5074940"]
[BlackFideId "648582"]
[EventDate "2017.12.02"]

1. d4 Nf6 2. g3 c5 3. Nf3 cxd4 4. Nxd4 e5 5. Nf3 Nc6 6. Bg2 d5 7. O-O Bc5 8. c4
Be6 9. cxd5 Bxd5 10. Nc3 Be6 11. Qa4 O-O 12. Bg5 h6 13. Rad1 Qa5 14. Bxf6 gxf6
15. Qh4 Kg7 16. Bh3 Bxh3 17. Qxh3 Ne7 18. Ne4 Ng6 19. Qg4 Be7 20. Nh4 Kh7 21.
Nf5 Rh8 22. Nxe7 1-0

[Event "London Classic Open 2017"]
[Site "London ENG"]
[Date "2017.12.05"]
[Round "5.105"]
[White "Nelson, Omowale"]
[Black "Chidi, Lovinia Sylvia"]
[Result "1-0"]
[WhiteElo "1949"]
[BlackElo "1676"]
[WhiteFideId "7400209"]
[BlackFideId "1270574"]
[EventDate "2017.12.02"]

1. d4 d6 2. c4 Nf6 3. Nc3 g6 4. e4 Bg7 5. h3 c5 6. d5 Nbd7 7. Nf3 O-O 8. Be2 Ne8
9. O-O a6 10. a4 Ne5 11. Ne1 f5 12. f4 Nf7 13. exf5 Bxf5 14. g4 Bd4+ 15. Kg2 Bd7
16. Nf3 Bf6 17. Be3 Qc8 18. Nd2 Bg7 19. Nde4 Nf6 20. Ng3 Rb8 21. Qc2 Ne8 22.
Rae1 Nc7 23. Bd3 Nh8 24. f5 b5 25. fxg6 h6 26. Nf5 Bxf5 27. Bxf5 Rxf5 28. gxf5
bxc4 29. Re2 Qd7 30. Qe4 1-0

[Event "London Classic Open 2017"]
[Site "London ENG"]
[Date "2017.12.05"]
[Round "5.106"]
[White "Siddharth, Gopakumar"]
[Black "Frank, Tena"]
[Result "1/2-1/2"]
[BlackTitle "WFM"]
[WhiteElo "1808"]
[BlackElo "1944"]
[WhiteFideId "5053463"]
[BlackFideId "4624297"]
[EventDate "2017.12.02"]

1. e4 c5 2. Nf3 e6 3. d4 cxd4 4. Nxd4 Nc6 5. Nc3 Qc7 6. f4 a6 7. Nxc6 bxc6 8.
Bd3 Bc5 9. Qe2 Ne7 10. Be3 Bxe3 11. Qxe3 d5 12. O-O O-O 13. Qc5 Rd8 14. Rae1 g6
15. b3 a5 16. Na4 Ba6 17. Bxa6 Rxa6 18. c4 Qa7 19. Rd1 Rb8 20. Rd4 1/2-1/2

[Event "London Classic Open 2017"]
[Site "London ENG"]
[Date "2017.12.05"]
[Round "5.107"]
[White "Tombolis, Christopher"]
[Black "Khalifa, Ramy"]
[Result "0-1"]
[WhiteElo "1799"]
[BlackElo "1939"]
[WhiteFideId "433691"]
[BlackFideId "10626840"]
[EventDate "2017.12.02"]

1. d4 Nf6 2. c4 g6 3. Nc3 Bg7 4. e4 d6 5. Nf3 O-O 6. Be2 e5 7. O-O Nc6 8. d5 Ne7
9. Ne1 Nd7 10. Be3 f5 11. f3 f4 12. Bf2 g5 13. b4 Ng6 14. c5 Nf6 15. Rc1 Rf7 16.
cxd6 cxd6 17. Qc2 h5 18. Nb5 g4 19. Nc7 g3 20. hxg3 fxg3 21. Bxg3 Rb8 22. Nb5 a6
23. Nc3 Bh6 24. Rb1 Rg7 25. Nd3 h4 26. Bh2 Nh5 27. f4 Qb6+ 28. Rf2 Ngxf4 29.
Nxf4 Nxf4 30. Bxf4 Bxf4 31. Na4 Qa7 32. Rb3 h3 33. Bf3 Bd7 34. Nb2 Rc8 35. Rc3
Rxc3 36. Qxc3 h2+ 37. Kf1 h1=Q+ 38. Ke2 Qg1 39. Nd3 Qe3# 0-1